Planning, environmental protection and regulation (Record no. 108276)

MARC details
000 -LEADER
fixed length control field 01103cad a22002415a 4500
001 - CONTROL NUMBER
control field E143828
008 - FIXED-LENGTH DATA ELEMENTS--GENERAL INFORMATION
fixed length control field 080603s2006 xxk f 000 0 eng d
020 ## - INTERNATIONAL STANDARD BOOK NUMBER
International Standard Book Number 0755962591
022 1# - INTERNATIONAL STANDARD SERIAL NUMBER
International Standard Serial Number 0141-514X
035 ## - SYSTEM CONTROL NUMBER
System control number (Sirsi) u143828
041 0# - LANGUAGE CODE
Language code of text/sound track or separate title eng
050 04 - LIBRARY OF CONGRESS CALL NUMBER
Classification number 711.1 $2 18
110 2# - MAIN ENTRY--CORPORATE NAME
Corporate name or jurisdiction name as entry element Scotland
Subordinate unit Scottish Government
9 (RLIN) 5344
245 00 - TITLE STATEMENT
Title Planning, environmental protection and regulation
Remainder of title Planning advice note PAN 51 (revised 2006)
Medium [electronic resource]
260 ## - PUBLICATION, DISTRIBUTION, ETC.
Place of publication, distribution, etc. Edinburgh
Name of publisher, distributor, etc. Scottish Executive
Date of publication, distribution, etc. 2006
300 ## - PHYSICAL DESCRIPTION
Extent 60p.
Dimensions 30cm.
490 #0 - SERIES STATEMENT
Series statement Planning Advice Note
Volume/sequential designation PAN 51
520 ## - SUMMARY, ETC.
Summary, etc. Sets out the statutory responsibilities of the various bodies involved in protecting the environment. Discusses the legislative context and the planning framework, and emphasises the need for planning authorities and environmental protection agencies to work together.
651 #4 - SUBJECT ADDED ENTRY--GEOGRAPHIC NAME
Geographic name Scotland
Chronological subdivision 1999-
690 ## - LOCAL SUBJECT ADDED ENTRY--TOPICAL TERM (OCLC, RLIN)
Topical term or geographic name as entry element Planning and development
9 (RLIN) 6259
856 41 - ELECTRONIC LOCATION AND ACCESS
Uniform Resource Identifier <a href="https://www.scotland.gov.uk/Publications/2006/10/20095106/0">https://www.scotland.gov.uk/Publications/2006/10/20095106/0</a>
Public note View the Planning Advice Note free of charge at www.scotland.gov.uk...
942 ## - ADDED ENTRY ELEMENTS (KOHA)
Suppress in OPAC 0
Holdings
Withdrawn status Lost status Source of classification or shelving scheme Damaged status Not for loan Home library Current library Shelving location Date acquired Total Checkouts Full call number Barcode Date last seen Copy number Price effective from Koha item type
    Dewey Decimal Classification     Virtual Virtual Online 03/06/2008   ONLINE PUBLICATION 143828-2001 06/08/2019 1 06/08/2019 Book